| 000 | 00432nam a22001697a 4500 | ||
|---|---|---|---|
| 003 | OSt | ||
| 008 | 240509b |||||||| |||| 00| 0 eng d | ||
| 020 | _a9789355734198 | ||
| 082 | _a658.4038011 ALB | ||
| 100 | _aCHRISTIAN ALBRIGHT,S | ||
| 245 | _aBusiness Analytics Data Analysis and Decision Making | ||
| 250 | _a7th Ed | ||
| 260 |
_aNew Delhi _bCengage _c2023 |
||
| 300 | _a882 | ||
| 700 | _aWINSTON,Wayne L | ||
| 942 |
_2ddc _cBK |
||
| 999 |
_c12678 _d12678 |
||